000 00810nam a2200229Ii 4500
003 JO-AjNU
008 230605s9999||||xx |||||||||||||| ||und||
017 _a2009/01/81
020 _a9957-07-630-6
040 _aJO-AjNU
_bara
_erda
_cJO-AjNU
041 _aara
050 1 4 _aBP184.25.S86 2009
100 3 _aالصميدعي، خولة محمود,
_eauthor
_941731
245 0 0 _aالوعظ الديني في العصر العباسي الأول
250 _aط1
264 3 1 _aعمان: دار الفكر ناشرون، 2009
300 _a264ص
_bالمصادر والمراجع ص239-260
336 _atext
_btxt
_2rdacontent
337 _aunmediated
_bn
_2rdamedia
338 _avolume
_bnc
_2rdacarrier
650 4 _aالوعظ والارشاد- العصر العباسي الاول- تاريخ
_941732
999 _aA17816
_c21384
_d21384